Catalog

Record Details

Catalog Search



The hanged man's song Cover Image CD Audiobook CD Audiobook

The hanged man's song [sound recording] / John Sandford.

Sandford, John, 1944- (Author). Ferrone, Richard. (Added Author).

Record details

  • ISBN: 1402563639
  • Physical Description: 8 compact discs (9 hr.) : digital ; 4 3/4 in.
  • Edition: Unabridged.
  • Publisher: Prince Frederick, MD : Recorded Books, c2003

Content descriptions

Participant or Performer Note:
Read by Richard Ferrone.
Subject: Kidd (Fictitious character : Camp).
Minneapolis (Minn.) > Fiction.
Computer hackers > Fiction.
Painters > Fiction.
Audiobooks.
Genre: Mystery fiction.

Available copies

  • 1 of 1 copy available at scottsboropl.

Holds

  • 0 current holds with 1 total copy.
Show All Copies
Location Call Number / Copy Notes Barcode Shelving Location Status Due Date
scottsboropl BK/CD San 32269000677131 Adult - Audiobook Available -

LDR 01172cim a2200337 a 4500
001127053
003CONS
00520140703073303.0
007sd fsngnnumnnd
008030430s2003 mdunnn f n eng u
020 . ‡a1402563639
02802. ‡aC2186 ‡bRecorded Books
035 . ‡a(CPomAG)LMN495046
08200. ‡a813/.54 ‡221
1001 . ‡aSandford, John, ‡d1944 February 23-
24514. ‡aThe hanged man's song ‡h[sound recording] / ‡cJohn Sandford.
250 . ‡aUnabridged.
260 . ‡aPrince Frederick, MD : ‡bRecorded Books, ‡cc2003
300 . ‡a8 compact discs (9 hr.) : ‡bdigital ; ‡c4 3/4 in.
5110 . ‡aRead by Richard Ferrone.
650 0. ‡aKidd (Fictitious character : Camp).
651 0. ‡aMinneapolis (Minn.) ‡vFiction.
650 0. ‡aComputer hackers ‡vFiction.
650 0. ‡aPainters ‡vFiction.
655 7. ‡aMystery fiction. ‡2gsafd
650 0. ‡aAudiobooks.
7001 . ‡aFerrone, Richard.
8001 . ‡aSandford, John, ‡d1944 February 23- ‡tKidd novel ; ‡v4.
914 . ‡dLMN_cm
959 . ‡i32269000677131 ‡lBK/CD San ‡aAdult - Audiobook ‡tAudiobook ‡g82.00
852 . ‡p32269000677131 ‡jBK/CD San ‡gAdult - Audiobook ‡cAudiobook ‡y82.00 ‡bSBPL
901 . ‡a127053 ‡bUnknown ‡c127053 ‡tbiblio

Additional Resources